| 000 | 00408nam a2200133Ia 4500 | ||
|---|---|---|---|
| 008 | 230104s9999||||xx |||||||||||||| ||und|| | ||
| 020 | _a9966838104 | ||
| 040 | _cChuka University Library | ||
| 050 |
_aQA 276 _bN37 2004 |
||
| 100 |
_aNassiuma, Dankit.K and Mwangi W. Jesse. _93321 |
||
| 245 | 0 | _aStatistical methods for information analysis : an introduction | |
| 260 |
_aEGERTON _bNAKURU _c2004 |
||
| 942 | _cBK | ||
| 999 |
_c5814 _d5814 |
||